[Event "BCF-chT4 0708 (4NCL)"]
[Site "England"]
[Date "2007.11.25"]
[Round "4.1"]
[White "Chen, Ti"]
[Black "De Mooi, Connagh Joseph"]
[Result "1/2-1/2"]
[WhiteElo "1995"]
[BlackElo "2040"]
[PlyCount "87"]
[EventDate "2007.09.15"]
[EventType "team-swiss"]
[EventRounds "11"]
[EventCountry "ENG"]
[SourceTitle "EXT 2009"]
[Source "ChessBase"]
[SourceDate "2008.11.26"]
[SourceVersion "1"]
[SourceVersionDate "2008.11.26"]
[SourceQuality "1"]
[WhiteTeam "Oxford III"]
[BlackTeam "Nottinghamshire II"]
[WhiteTeamCountry "ENG"]
[BlackTeamCountry "ENG"]

1. d4 f5 2. Nf3 Nf6 3. c4 g6 4. Nc3 d6 5. e3 Bg7 6. Bd3 0-0 7. b3 Qe8 8. Nd5 Nxd5 9. cxd5 c5 10. dxc6 Nxc6 11. Bc4+ Kh8 12. Bb2 Bd7 13. Qd2 a6 14. d5 Ne5 15. Nxe5 dxe5 16. Rd1 b5 17. Be2 e4 18. 0-0 e6 19. Bxg7+ Kxg7 20. f3 exd5 21. Qc3+ Kg8 22. Rxd5 Rc8 23. Qd4 Bc6 24. Rd6 exf3 25. Bxf3 Bxf3 26. gxf3 Rd8 27. Qd5+ Kh8 28. Kf2 Qe7 29. Qd4+ Kg8 30. Rd1 Rxd6 31. Qxd6 Qf6 32. Qxf6 Rxf6 33. Rd7 Rc6 34. Rd2 Kf7 35. Kg3 Kf6 36. h4 h6 37. Rd8 Re6 38. Rf8+ Kg7 39. Ra8 Kf6 40. Kf2 Rc6 41. Ke1 g5 42. hxg5+ hxg5 43. Kd2 Rd6+ 44. Ke2 1/2-1/2

[Event "BCF-chT4 0203 fin (4NCL)"]
[Site "Telford"]
[Date "2003.04.13"]
[Round "8.4"]
[White "Tonks, Brian"]
[Black "De Mooi, Connagh Joseph"]
[Result "0-1"]
[WhiteElo "1360"]
[BlackElo "1720"]
[PlyCount "80"]
[EventDate "2003.04.??"]
[EventType "team"]
[EventRounds "3"]
[EventCountry "ENG"]
[SourceTitle "EXT 2004"]
[Source "ChessBase"]
[SourceDate "2003.11.25"]
[SourceVersion "1"]
[SourceVersionDate "2003.11.25"]
[SourceQuality "1"]
[WhiteTeam "Nidum Knights II"]
[BlackTeam "Sussex Mindsports"]
[WhiteTeamCountry "ENG"]
[BlackTeamCountry "ENG"]

1. d4 f5 2. Nf3 Nf6 3. Bf4 d6 4. e3 g6 5. Nc3 Bg7 6. Bc4 e6 7. h3 Qe7 8. Bg5 b6 9. Qd2 Bb7 10. 0-0-0 a6 11. Rhe1 b5 12. Bd3 h6 13. Bxf6 Qxf6 14. Qe2 0-0 15. e4 Nd7 16. exf5 exf5 17. Qe6+ Qxe6 18. Rxe6 Kf7 19. Rde1 Rae8 20. Rxe8 Rxe8 21. Rxe8 Kxe8 22. Nh4 Kf7 23. Ne2 Bf6 24. Nf3 c5 25. c4 b4 26. d5 Bc8 27. Kc2 Ne5 28. Nxe5+ Bxe5 29. f4 Bg7 30. b3 Bd7 31. Kd2 Kf6 32. Ke3 g5 33. g3 Be8 34. Ng1 Kg6 35. Nf3 Bb2 36. Kd2 Kf6 37. h4 gxf4 38. gxf4 Bh5 39. Be2 Kg6 40. Ne1 Bc3+ 0-1